000
00285nam a2200121Ia 4500
008
220204s9999 xx 000 0 und d
082
_a
065
_b
KEM
100
_a
R B
245
0
_a
Organization gap
260
_a
London
_b
George Allen and Unwin
_c
1972
650
_a
Management
942
_c
BK
999
_c
34595
_d
34595